Normal view
MARC view
Entry Personal Name
001 - CONTROL NUMBER
- control field: 40283
003 - CONTROL NUMBER IDENTIFIER
- control field: ARRUPE
005 - DATE AND TIME OF LATEST TRANSACTION
- control field: 20180307145445.0
008 - FIXED-LENGTH DATA ELEMENTS
- fixed length control field: 180307|| aca||aabn | a|a d
040 ## - CATALOGING SOURCE
- Original cataloging agency: ARRUPE
- Transcribing agency: ARRUPE
100 ## - HEADING--PERSONAL NAME
- Personal name: Hughes, A.J.B. ; Velsen, J.van
670 ## - SOURCE DATA FOUND
- Source citation: Work cat.: (ARRUPE)66678: Kuper, Hilda 30428, The Shona and Ndebele of Southern Rhodesia /, 1954